[Event "Team men PL chess 2021"]
[Site "?"]
[Date "2021.05.01"]
[Round "1.1"]
[White "Andreikin, Dmitry"]
[Black "Shubin, Kirill"]
[Result "1-0"]
[WhiteElo "2725"]
[BlackElo "2481"]
[PlyCount "99"]
[EventDate "2021.??.??"]

1. e4 e6 2. d4 d5 3. Nd2 c5 4. Ngf3 cxd4 5. Nxd4 Nc6 6. Bb5 Bd7 7. Nxc6 bxc6 8.
Bd3 Bd6 9. Qe2 Qb8 10. Nf3 Ne7 11. e5 Bc7 12. O-O c5 13. c4 h6 14. b3 O-O 15.
Ba3 Rc8 16. Rac1 Nc6 17. cxd5 exd5 18. Rxc5 Nxe5 19. Nxe5 Bxe5 20. Rxc8+ Bxc8
21. Bb2 Bxh2+ 22. Kh1 Bd6 23. Qe8+ Bf8 24. Bh7+ Kxh7 25. Qxf8 f6 26. Bxf6 Qb7
27. Re1 Bf5 28. Qe7 Qxe7 29. Rxe7 Kg6 30. Bd4 Bb1 31. a3 a5 32. Rxg7+ Kf5 33.
f3 Rb8 34. Rf7+ Ke6 35. Rf6+ Kd7 36. Ra6 Rxb3 37. Rxa5 Bd3 38. Rxd5+ Ke6 39.
Ra5 h5 40. Re5+ Kf7 41. Rxh5 Rxa3 42. Kh2 Ra2 43. Rg5 Bf1 44. Kg1 Bd3 45. Rd5
Rc2 46. Be3 Bc4 47. Rd4 Ke6 48. Bd2 Ke5 49. Rd8 Bd5 50. Bf4+ 1-0

[Event "Team men PL chess 2021"]
[Site "?"]
[Date "2021.05.01"]
[Round "1.2"]
[White "Lobanov, Sergei"]
[Black "Dreev, Aleksey"]
[Result "1/2-1/2"]
[WhiteElo "2515"]
[BlackElo "2647"]
[PlyCount "67"]
[EventDate "2021.??.??"]

1. e4 c6 2. d4 d5 3. Nc3 dxe4 4. Nxe4 Nf6 5. Nxf6+ exf6 6. c3 Bd6 7. Bd3 O-O 8.
Qc2 Re8+ 9. Ne2 h5 10. Be3 Nd7 11. O-O-O Nf8 12. c4 Be6 13. a3 Rc8 14. h3 h4
15. Nc3 Ng6 16. Kb1 a6 17. c5 Bc7 18. Bf5 Ne7 19. Bxe6 fxe6 20. Qe4 Nf5 21. Bf4
Bxf4 22. Qxf4 Qc7 23. Qe4 Rcd8 24. Rd3 Qf7 25. Rhd1 Rd7 26. d5 cxd5 27. Nxd5
Rxd5 28. Rxd5 exd5 29. Qxf5 Re5 30. Qc8+ Re8 31. Qf5 Re5 32. Qc8+ Re8 33. Qf5
Re5 34. Qc8+ 1/2-1/2

[Event "Team men PL chess 2021"]
[Site "?"]
[Date "2021.05.01"]
[Round "1.3"]
[White "Alekseev, Evgeny"]
[Black "Usmanov, Vasily"]
[Result "1/2-1/2"]
[WhiteElo "2617"]
[BlackElo "2443"]
[PlyCount "80"]
[EventDate "2021.??.??"]

1. c4 e6 2. Nf3 d5 3. e3 Nf6 4. Nc3 Be7 5. b3 O-O 6. Bb2 b6 7. cxd5 exd5 8. d4
Bb7 9. Bd3 a6 10. O-O Bd6 11. Ne2 Nbd7 12. Ng3 Re8 13. Qc2 g6 14. Rfc1 Rc8 15.
a4 Qe7 16. Qe2 Ra8 17. Rc2 Ne4 18. Qd1 Ndf6 19. Rac1 Rac8 20. Ne5 Nxg3 21. hxg3
c5 22. Qe2 a5 23. Bb5 Red8 24. Nd3 Ne4 25. Nf4 h5 26. Rd1 Qg5 27. Rcc1 Bf8 28.
Ba6 Bxa6 29. Qxa6 h4 30. gxh4 Qxh4 31. Qe2 g5 32. g3 Qh7 33. Nh5 c4 34. bxc4
Rxc4 35. g4 Rxc1 36. Rxc1 f5 37. Qf3 Bb4 38. Qxe4 fxe4 39. Nf6+ Kh8 40. Nxh7
Kxh7 1/2-1/2

[Event "Team men PL chess 2021"]
[Site "?"]
[Date "2021.05.01"]
[Round "1.4"]
[White "Pershin, Denis"]
[Black "Zvjaginsev, Vadim"]
[Result "1/2-1/2"]
[WhiteElo "2391"]
[BlackElo "2614"]
[PlyCount "120"]
[EventDate "2021.??.??"]

1. d4 Nf6 2. c4 e6 3. Nc3 d5 4. cxd5 exd5 5. Bg5 c6 6. Qc2 Be7 7. e3 Bg4 8. Bd3
Bh5 9. Nge2 Bg6 10. h3 Nbd7 11. Ng3 Bxd3 12. Qxd3 g6 13. Bh6 Bf8 14. Bf4 Bg7
15. O-O O-O 16. Rfc1 Re8 17. b4 Rc8 18. Rab1 h6 19. Nf1 b5 20. a4 a6 21. a5 Qe7
22. Nd2 Qe6 23. Rc2 Bf8 24. Na2 g5 25. Bh2 g4 26. hxg4 Nxg4 27. Bf4 Bd6 28.
Rbc1 Bxf4 29. exf4 Kh8 30. Nf3 Rg8 31. Nc3 Rg7 32. Ne2 Ndf6 33. Ne5 Ne4 34.
Nxg4 Rxg4 35. Qf3 f5 36. Ng3 Rg6 37. Nxe4 dxe4 38. Qh5 e3 39. d5 Qf7 40. Kf1
Rcg8 41. dxc6 Qg7 42. g3 exf2 43. Rc3 Re6 44. Qf3 Qd4 45. c7 Rc8 46. Qxf2 Qxb4
47. Rd3 Qe4 48. Rd8+ Kh7 49. Kg1 Re8 50. Rxe8 Qxe8 51. Qc5 Qd7 52. Kh2 b4 53.
Kh3 b3 54. Qb6 b2 55. Rc6 Qxc6 56. Qxc6 b1=Q 57. Qd7+ Kg6 58. Qe6+ Kg7 59. Qe7+
Kg6 60. Qe6+ Kg7 1/2-1/2

[Event "Team men PL chess 2021"]
[Site "?"]
[Date "2021.05.01"]
[Round "1.5"]
[White "Rublevsky, Sergei"]
[Black "Askerov, Marat"]
[Result "1-0"]
[WhiteElo "2642"]
[BlackElo "2384"]
[PlyCount "93"]
[EventDate "2021.??.??"]

1. e4 c6 2. d4 d5 3. e5 Bf5 4. Nd2 e6 5. Nb3 Ne7 6. Nf3 Nd7 7. Be2 h6 8. O-O
Bh7 9. Bd2 Nf5 10. Bd3 Bg6 11. Qe2 h5 12. g3 a6 13. Rad1 c5 14. dxc5 Nxc5 15.
Nxc5 Bxc5 16. Bb5+ Kf8 17. Bd3 Qb6 18. Bg5 Be7 19. c4 dxc4 20. Bxf5 Bxf5 21.
Qxc4 f6 22. exf6 gxf6 23. Qc3 e5 24. Nxe5 Kg7 25. Nd7 Qc6 26. Qxc6 bxc6 27.
Rfe1 Bd8 28. Bf4 Ra7 29. Nb8 Ba5 30. Nxc6 Bxe1 31. Nxa7 Re8 32. Be3 Ba5 33. Rd5
Re5 34. Rxe5 fxe5 35. Nc6 Bc7 36. Nb4 a5 37. Nd5 Bd6 38. b3 Bb4 39. Nxb4 axb4
40. Bc5 Bb1 41. a3 bxa3 42. Bxa3 Kg6 43. Kg2 Kf5 44. Kh3 Ke4 45. Bc5 Kf3 46.
Kh4 Bg6 47. Kg5 1-0

[Event "Team men PL chess 2021"]
[Site "?"]
[Date "2021.05.01"]
[Round "1.6"]
[White "Saveliev, Alexei"]
[Black "Sychev, Klementy"]
[Result "0-1"]
[WhiteElo "2372"]
[BlackElo "2558"]
[PlyCount "66"]
[EventDate "2021.??.??"]

1. e4 c5 2. Nf3 d6 3. d4 cxd4 4. Nxd4 Nf6 5. Nc3 a6 6. Be2 e5 7. Nb3 Be7 8. g4
h6 9. g5 hxg5 10. Bxg5 Nc6 11. Qd2 b5 12. a3 Be6 13. O-O-O b4 14. axb4 Nxb4 15.
f4 Qc7 16. Kb1 Rb8 17. f5 Bd7 18. h4 a5 19. Bxf6 gxf6 20. Nd5 Nxd5 21. Qxd5 Bc6
22. Qc4 Qb6 23. Rhg1 a4 24. Rg7 Rf8 25. Bh5 axb3 26. Bxf7+ Kd8 27. cxb3 Rxf7
28. Rxf7 Bxe4+ 29. Qxe4 Qxb3 30. Rd2 Qxf7 31. Qg4 Ra8 32. h5 Qa2+ 33. Kc2 Ra4
0-1

[Event "Team men PL chess 2021"]
[Site "?"]
[Date "2021.05.01"]
[Round "1.7"]
[White "Matlakov, Maxim"]
[Black "Truskavetsky, Alexandr"]
[Result "1-0"]
[WhiteElo "2688"]
[BlackElo "2387"]
[PlyCount "57"]
[EventDate "2021.??.??"]

1.e4 c5 2.Nf3 Nc6 3.Bb5 e6 4.O-O Nge7 5.d4 cxd4 6.Nxd4 Qb6 7.Nxc6
bxc6 8.Bd3 Ng6 9.c4 Be7 10.Nc3 O-O 11.Na4 Qc7 12.c5 e5 13.Be3
Nf4 14.Bc4 Rd8 15.Qf3 Ne6 16.Rfd1 Rb8 17.b3 Bf6 18.Qg3 Nf4 19.Rd6
Be7 {%08DA} 20.Rad1 Bxd6 21.cxd6 Qb7 22.Qg5 Re8 23.Qe7 Rf8 24.Qxe5
Ne6 25.f4 Kh8 26.f5 f6 {%08DA} 27.fxe6 ( 27.Qg3 Ng5 28.e5 Ne4
29.Qh4 c5 30.Bd5 ) fxe5 28.e7 Re8 29.Rf1 1-0

[Event "Team men PL chess 2021"]
[Site "?"]
[Date "2021.05.01"]
[Round "1.8"]
[White "Musalov, Ruslan"]
[Black "Esipenko, Andrey"]
[Result "0-1"]
[WhiteElo "2359"]
[BlackElo "2701"]
[PlyCount "87"]
[EventDate "2021.??.??"]

1. e4 c6 2. d3 d5 3. Nd2 e5 4. Ngf3 Bd6 5. d4 exd4 6. Bd3 Ne7 7. O-O c5 8. exd5
Nxd5 9. Ne4 Be7 10. Nfg5 h6 11. Nf3 Nc6 12. c3 dxc3 13. bxc3 O-O 14. Bc2 Be6
15. Re1 Qa5 16. Rb1 Rfd8 17. Bd2 Qc7 18. Qe2 b6 19. Rbd1 Bf8 20. Bb1 Be7 21.
Ng3 Nf6 22. Nh4 Bg4 23. f3 Be6 24. Nhf5 Bf8 25. Bc1 Ne7 26. Nxe7+ Qxe7 27. Qc2
Rxd1 28. Qxd1 Rd8 29. Qc2 g6 30. f4 Bb3 31. Qf2 Rd1 32. Rxd1 Bxd1 33. h3 Ba4
34. Bd3 Bc6 35. Kh2 Bg7 36. Bd2 h5 37. Kg1 Qd8 38. Qe2 Bh6 39. Nf1 Qd6 40. Bc2
Bxf4 41. Bxf4 Qxf4 42. Qe7 Nd5 43. Qxa7 Nxc3 44. Bd3 0-1

[Event "Team men PL chess 2021"]
[Site "?"]
[Date "2021.05.01"]
[Round "1.9"]
[White "Fedoseev, Vladimir"]
[Black "Alexeev, Alexey"]
[Result "1-0"]
[WhiteElo "2687"]
[BlackElo "2243"]
[PlyCount "87"]
[EventDate "2021.??.??"]

1. c4 c6 2. g3 d5 3. Bg2 Nf6 4. Nf3 g6 5. Qa4 Nbd7 6. cxd5 Nb6 7. Qb3 Nbxd5 8.
Na3 Bg7 9. O-O O-O 10. d3 a5 11. Bd2 b5 12. Nc2 a4 13. Qa3 Bb7 14. e4 Nb6 15.
Rac1 Rc8 16. Ne3 Re8 17. Rfd1 Qc7 18. b4 Rcd8 19. Bc3 e5 20. Qb2 Nbd7 21. h4 h5
22. a3 Ng4 23. Nxg4 hxg4 24. Nh2 f5 25. Qa2+ Kh7 26. h5 Nf6 27. hxg6+ Kxg6 28.
exf5+ Kxf5 29. Qe2 Qd7 30. Be4+ Ke6 31. Nxg4 Nxg4 32. Qxg4+ Kd6 33. Bf5 Qe7 34.
d4 exd4 35. Re1 dxc3 36. Rxe7 Rxe7 37. Qf4+ Be5 38. Qh4 Rde8 39. Bg6 Rf8 40.
Rd1+ Ke6 41. Qh3+ Kf6 42. Qh6 Rg7 43. Be8+ Ke7 44. Rd7+ 1-0

[Event "Team men PL chess 2021"]
[Site "?"]
[Date "2021.05.01"]
[Round "1.10"]
[White "Babakekhyan, Artem"]
[Black "Sakaev, Konstantin"]
[Result "1/2-1/2"]
[WhiteElo "2236"]
[BlackElo "2604"]
[PlyCount "78"]
[EventDate "2021.??.??"]

1. g3 e5 2. c4 d6 3. Bg2 f5 4. Nc3 Nf6 5. d3 Be7 6. Nf3 O-O 7. O-O Nc6 8. Rb1
Qe8 9. b4 Kh8 10. b5 Nd8 11. a4 Qh5 12. Bg5 Ne6 13. Bxf6 Bxf6 14. Nd5 Bd8 15.
e3 Qh6 16. Qc2 f4 17. c5 Bd7 18. cxd6 cxd6 19. exf4 exf4 20. Qd2 Qh5 21. Nxf4
Nxf4 22. gxf4 Bh3 23. Ne1 d5 24. Bxh3 Qxh3 25. Qe3 Qf5 26. Ng2 Bb6 27. Qg3 Rf6
28. Rbe1 Rg6 29. Qf3 Rf8 30. Kh1 Rh6 31. Ne3 Qxd3 32. Qxd5 Qxd5+ 33. Nxd5 Bc5
34. Kg2 Rd6 35. Rd1 Rg6+ 36. Kf3 Rh6 37. Kg2 Rg6+ 38. Kf3 Rh6 39. Kg2 Rg6+
1/2-1/2

[Event "Team men PL chess 2021"]
[Site "?"]
[Date "2021.05.01"]
[Round "1.11"]
[White "Ponkratov, Pavel"]
[Black "Pervakov, Sergey"]
[Result "1-0"]
[WhiteElo "2624"]
[BlackElo "2056"]
[PlyCount "57"]
[EventDate "2021.??.??"]

1. e4 Nf6 2. e5 Nd5 3. d4 d6 4. Nf3 Nb6 5. exd6 cxd6 6. c4 g6 7. Nc3 Bg7 8. h3
O-O 9. Be2 Nc6 10. O-O Bf5 11. Bg5 h6 12. Be3 d5 13. b3 dxc4 14. bxc4 Na5 15.
Qc1 Naxc4 16. Bxh6 Rc8 17. Qf4 Qd6 18. Qh4 Bxh6 19. Qxh6 Qf6 20. Rac1 Qg7 21.
Qh4 e5 22. Bxc4 Rxc4 23. Nd5 Nxd5 24. Rxc4 Bd3 25. dxe5 Bxc4 26. Qxc4 Nb6 27.
Qe4 Rd8 28. Qxb7 f6 29. Qc6 1-0

[Event "Team men PL chess 2021"]
[Site "?"]
[Date "2021.05.01"]
[Round "1.13"]
[White "Motylev, Alexander"]
[Black "Petrov, Nikita"]
[Result "1-0"]
[WhiteElo "2641"]
[BlackElo "2550"]
[PlyCount "79"]
[EventDate "2021.??.??"]

1. e4 e5 2. Nf3 Nc6 3. Nc3 Nf6 4. Bb5 Bc5 5. d3 O-O 6. Bxc6 dxc6 7. Ne2 Re8 8.
Ng3 Nd7 9. Nf5 Nf8 10. g4 Ne6 11. h4 Bd6 12. h5 c5 13. Be3 a5 14. a4 b6 15. b3
Nd4 16. Kf1 Bf8 17. N3xd4 cxd4 18. Bd2 g6 19. hxg6 fxg6 20. Nh6+ Bxh6 21. Bxh6
Qf6 22. Kg2 c5 23. f3 Ra7 24. Qd2 Rf7 25. Raf1 Qe6 26. Kg3 Qd7 27. Rh4 Ree7 28.
Rh2 Re6 29. Qg5 Ref6 30. Rhf2 Qc7 31. Qh4 Qd7 32. Bg5 Re6 33. f4 exf4+ 34. Rxf4
Qd6 35. Kg2 Rxf4 36. Bxf4 Qd7 37. Bh6 Re8 38. Qf6 Qxg4+ 39. Kf2 Qd7 40. Ke1 1-0

[Event "Team men PL chess 2021"]
[Site "?"]
[Date "2021.05.01"]
[Round "1.14"]
[White "Zakhartsov, Vladimir"]
[Black "Goryachkina, Aleksandra"]
[Result "1-0"]
[WhiteElo "2496"]
[BlackElo "2593"]
[PlyCount "175"]
[EventDate "2021.??.??"]

1. d4 Nf6 2. c4 e6 3. Nc3 d5 4. cxd5 exd5 5. Bg5 c6 6. e3 h6 7. Bh4 Be7 8. Qc2
O-O 9. Bd3 Re8 10. Nge2 a5 11. O-O Na6 12. a3 Nc7 13. f3 Ne6 14. Rad1 b5 15.
Bf5 Nf8 16. Bd3 Ne6 17. Kh1 Ba6 18. Nb1 Qb6 19. b4 Bb7 20. Be1 axb4 21. axb4
Ra4 22. Qb3 Rea8 23. Bc2 Qd8 24. Nc1 Bc8 25. Nd3 Ra2 26. Bc3 Bd6 27. Bb2 R2a7
28. Qc3 Qe7 29. Nd2 Nh5 30. f4 Nd8 31. Nc5 Bg4 32. Rde1 Qh4 33. Nf3 Bxf3 34.
Rxf3 Nf6 35. Rh3 Qg4 36. Rg3 Qc8 37. Rf1 Ne6 38. Bf5 Qe8 39. Bb1 Re7 40. e4 Nh5
41. Rgf3 Nhxf4 42. Nxe6 Nxe6 43. e5 Bb8 44. Bc1 Ra4 45. Rg3 Ba7 46. Bxh6 g6 47.
Be3 c5 48. dxc5 d4 49. Bxd4 Nxd4 50. Qxd4 Rxe5 51. Qc3 Bb8 52. Bc2 Rh5 53. Re1
Re5 54. Rxe5 Bxe5 55. Re3 f6 56. Bxa4 bxa4 57. Qd3 Kg7 58. b5 a3 59. Qxa3 Qxb5
60. Re1 Qc4 61. Qe3 Qh4 62. g3 Qc4 63. Rd1 Qa4 64. Qd3 Kh6 65. Qd2+ g5 66. Qd5
Qc2 67. c6 Qe2 68. Qd3 Qf2 69. Rf1 Qc5 70. Qe4 Qd6 71. Kg2 Qd8 72. Rf2 Qd6 73.
Rc2 Qd8 74. h4 gxh4 75. Qxh4+ Kg7 76. Qg4+ Kh6 77. Qd7 Qa8 78. Qh3+ Kg6 79.
Qg4+ Kh6 80. Kh3 Qa1 81. Qh4+ Kg6 82. Qe4+ f5 83. Qf3 Bc7 84. Re2 Kf6 85. Kg2
Qa4 86. Qd5 Qa6 87. Re6+ Kg5 88. Qd2+ 1-0

[Event "Team men PL chess 2021"]
[Site "?"]
[Date "2021.05.01"]
[Round "1.15"]
[White "Kobalia, Mikhail"]
[Black "Makarian, Rudik"]
[Result "1-0"]
[WhiteElo "2587"]
[BlackElo "2481"]
[PlyCount "105"]
[EventDate "2021.??.??"]

1. e4 e5 2. Nf3 Nc6 3. Bb5 a6 4. Ba4 Nf6 5. O-O Nxe4 6. d4 b5 7. Bb3 d5 8. dxe5
Be6 9. Qe2 Qd7 10. Rd1 Bc5 11. Be3 O-O 12. Nbd2 Qe7 13. Nxe4 dxe4 14. Bxc5 Qxc5
15. Qxe4 h6 16. Bxe6 fxe6 17. Rd7 Rf7 18. Rd3 Qc4 19. Qxc4 bxc4 20. Rc3 Rf4 21.
g3 Rxf3 22. Rxf3 Nd4 23. Kg2 Nxf3 24. Kxf3 Rb8 25. b3 Rb5 26. Re1 cxb3 27. cxb3
Rc5 28. Re4 Kf7 29. Rc4 Rxe5 30. Rxc7+ Kf6 31. b4 a5 32. a3 axb4 33. axb4 Re1
34. b5 Rb1 35. Rb7 Rb3+ 36. Ke4 Rb2 37. Ke3 Rb3+ 38. Ke4 Rb2 39. Rb8 Kg6 40.
Ke3 Rb3+ 41. Kd4 Rf3 42. b6 Rxf2 43. Re8 Rb2 44. Rxe6+ Kf5 45. Rc6 h5 46. h3 g5
47. Rh6 h4 48. gxh4 gxh4 49. Kc5 Kg5 50. Rh7 Rb3 51. b7 Kg6 52. Rd7 Kf5 53.
Rd5+ 1-0

[Event "Team men PL chess 2021"]
[Site "?"]
[Date "2021.05.01"]
[Round "1.16"]
[White "Afanasiev, Nikita"]
[Black "Tregubov, Pavel V"]
[Result "1-0"]
[WhiteElo "2522"]
[BlackElo "2560"]
[PlyCount "107"]
[EventDate "2021.??.??"]

1. Nf3 Nf6 2. g3 c5 3. Bg2 Nc6 4. O-O e5 5. e4 g6 6. c3 d6 7. d4 cxd4 8. cxd4
Bg4 9. d5 Nd4 10. Be3 Bg7 11. Nbd2 O-O 12. Qb1 Nd7 13. Bg5 f6 14. Be3 Nxf3+ 15.
Bxf3 Bh3 16. Bg2 Bxg2 17. Kxg2 f5 18. f3 Rc8 19. Qd3 Nc5 20. Bxc5 Rxc5 21. Rac1
Rxc1 22. Rxc1 Bh6 23. exf5 gxf5 24. Rc2 Qd7 25. Nc4 Rc8 26. b3 Rc5 27. a4 a6
28. Kf1 Rc7 29. Nb6 Qf7 30. a5 e4 31. Rxc7 exd3 32. Rxf7 Kxf7 33. Nc8 Bd2 34.
Nxd6+ Kf6 35. Nc4 Bc3 36. Kf2 Bd4+ 37. Ke1 Bc3+ 38. Kd1 h5 39. h3 Ke7 40. g4
hxg4 41. hxg4 fxg4 42. fxg4 Kf6 43. d6 Ke6 44. g5 Kd7 45. g6 Ke6 46. Kc1 Kd7
47. Nd2 Bg7 48. Ne4 Bh6+ 49. Kd1 Ke6 50. Ng3 Bg5 51. g7 Kf7 52. Nf5 Bd8 53. d7
Bxa5 54. Nd6+ 1-0

[Event "Team men PL chess 2021"]
[Site "?"]
[Date "2021.05.01"]
[Round "1.17"]
[White "Murzin, Volodar"]
[Black "Kukhmazov, Arsen"]
[Result "1/2-1/2"]
[WhiteElo "2478"]
[BlackElo "2458"]
[PlyCount "119"]
[EventDate "2021.??.??"]

1. e4 c6 2. Nf3 d5 3. exd5 cxd5 4. Ne5 Nc6 5. Bb5 Bd7 6. Bxc6 bxc6 7. d4 e6 8.
O-O Nf6 9. c4 dxc4 10. Nc3 Be7 11. Qe2 O-O 12. Qxc4 Rb8 13. b3 Nd5 14. Ne4 Be8
15. Rd1 Qb6 16. Qd3 f6 17. Nc4 Qc7 18. Qh3 Bf7 19. Bd2 c5 20. dxc5 Bxc5 21.
Rac1 Bb6 22. Nxb6 Qxb6 23. Nc5 Rbc8 24. Be3 Rfe8 25. Qg3 Bg6 26. h4 Qc7 27. Qh3
Qe5 28. Bd4 Nf4 29. Bxe5 Nxh3+ 30. gxh3 fxe5 31. Rd7 a5 32. Rc4 Bf5 33. Nb7
Rxc4 34. bxc4 Rb8 35. Kh2 Kf8 36. Kg3 a4 37. a3 Rc8 38. Nd6 Rc6 39. h5 h6 40.
f3 Bd3 41. Nf7 Bxc4 42. Nxe5 Rc5 43. Ng6+ Ke8 44. Rxg7 Rxh5 45. h4 Rc5 46. Ra7
Bb5 47. Nf4 Bd7 48. Nd3 Rd5 49. Nf2 Bc6 50. Rc7 Bd7 51. Ne4 Kd8 52. Rc3 Ke7 53.
Kf4 Rh5 54. Kg3 Rd5 55. Kg4 Rf5 56. Rc7 Kd8 57. Rc3 Ke7 58. Rc7 Kd8 59. Rc4 Ke7
60. Rc7 1/2-1/2

[Event "Team men PL chess 2021"]
[Site "?"]
[Date "2021.05.01"]
[Round "1.18"]
[White "Vetokhin, Savva"]
[Black "Demidov, Mikhail"]
[Result "0-1"]
[WhiteElo "2270"]
[BlackElo "2523"]
[PlyCount "90"]
[EventDate "2021.??.??"]

1. e4 c6 2. d4 d5 3. e5 Bf5 4. Nd2 e6 5. Nb3 Nd7 6. Nf3 a6 7. Be2 c5 8. dxc5
Bxc5 9. O-O Ne7 10. Bf4 O-O 11. Bd3 Rc8 12. Qe2 Bxd3 13. cxd3 Ng6 14. Bg3 Ba7
15. Rac1 Qb6 16. Rfe1 Qb4 17. h3 h6 18. Kf1 Qa4 19. Rxc8 Rxc8 20. Rc1 Rxc1+ 21.
Nxc1 Nb8 22. b3 Qa3 23. Qd2 Nc6 24. Ne2 d4 25. Qc2 Kh7 26. Kg1 Bb6 27. Kh2 Nge7
28. Bf4 Nb4 29. Qc4 Nec6 30. Nexd4 Nxd4 31. Nxd4 Nd5 32. Be3 Bxd4 33. Qxd4 Qxa2
34. Qe4+ Kg8 35. Qc4 b5 36. Qc8+ Kh7 37. Qf8 Kg6 38. h4 Qe2 39. d4 Qg4 40. Qd8
Kh5 41. g3 Nxe3 42. fxe3 Qe2+ 43. Kh3 Qf1+ 44. Kh2 Kg4 45. Qa8 Qh3+ 0-1

[Event "Team men PL chess 2021"]
[Site "?"]
[Date "2021.05.01"]
[Round "1.19"]
[White "Artemiev, Vladislav"]
[Black "Dubov, Daniil"]
[Result "1/2-1/2"]
[WhiteElo "2709"]
[BlackElo "2710"]
[PlyCount "91"]
[EventDate "2021.??.??"]

1. Nf3 Nf6 2. c4 g6 3. b4 Bg7 4. Bb2 O-O 5. e3 d6 6. Be2 e5 7. d3 Re8 8. O-O e4
9. dxe4 Nxe4 10. Qc1 Nc6 11. Bxg7 Kxg7 12. Nbd2 Nxd2 13. Qxd2 Qf6 14. Rac1 a6
15. Rfd1 Be6 16. a3 h5 17. b5 Ne5 18. b6 cxb6 19. Qb4 b5 20. cxb5 axb5 21. Rxd6
Nxf3+ 22. Bxf3 Qe5 23. h3 Ra4 24. Qc3 Qxc3 25. Rxc3 Rc8 26. Rxc8 Bxc8 27. Rb6
Rxa3 28. Rxb5 Ra1+ 29. Kh2 Ra2 30. Kg3 h4+ 31. Kxh4 Rxf2 32. Rc5 Be6 33. Bxb7
Re2 34. Rc3 Rb2 35. Bc6 Kf6 36. Rc1 Re2 37. Rc3 Rb2 38. Kg3 g5 39. Rc5 Rb3 40.
Kf3 Rb4 41. e4 Rb3+ 42. Ke2 Rb2+ 43. Ke3 Kg6 44. e5 Rb3+ 45. Kf2 Rb2+ 46. Kf3
1/2-1/2

[Event "Team men PL chess 2021"]
[Site "?"]
[Date "2021.05.01"]
[Round "1.20"]
[White "Chigaev, Maksim"]
[Black "Oparin, Grigoriy"]
[Result "1/2-1/2"]
[WhiteElo "2631"]
[BlackElo "2652"]
[PlyCount "80"]
[EventDate "2021.??.??"]

1. e4 e5 2. Nf3 Nc6 3. Bb5 a6 4. Ba4 Nf6 5. O-O b5 6. Bb3 Bb7 7. Re1 Bc5 8. c3
d6 9. d4 Bb6 10. a4 Ne7 11. Nbd2 Ng6 12. Bc2 O-O 13. Nf1 Re8 14. Ng3 d5 15.
Nxe5 Nxe5 16. dxe5 Nxe4 17. Nxe4 dxe4 18. Bf4 Qxd1 19. Raxd1 Rad8 20. Rxd8 Rxd8
21. axb5 axb5 22. Kf1 b4 23. Bxe4 Ba6+ 24. Kg1 bxc3 25. bxc3 Ba5 26. h3 Bxc3
27. Rc1 Rd4 28. Rxc3 Rxe4 29. Bg3 Rc4 30. Rxc4 Bxc4 31. e6 Bxe6 32. Bxc7 h5 33.
h4 f6 34. f3 Kf7 35. Kf2 g5 36. hxg5 fxg5 37. f4 gxf4 38. Bxf4 h4 39. Bg5 h3
40. gxh3 Bxh3 1/2-1/2

[Event "Team men PL chess 2021"]
[Site "?"]
[Date "2021.05.01"]
[Round "1.21"]
[White "Timofeev, Artyom"]
[Black "Paravyan, David"]
[Result "1/2-1/2"]
[WhiteElo "2594"]
[BlackElo "2647"]
[PlyCount "32"]
[EventDate "2021.??.??"]

1. d4 Nf6 2. Nf3 g6 3. c4 Bg7 4. g3 c6 5. Bg2 d5 6. cxd5 cxd5 7. Nc3 Nc6 8. Ne5
O-O 9. O-O Bf5 10. Bf4 Rc8 11. Rc1 Qb6 12. Qd2 Rfd8 13. Na4 Qb5 14. Nc3 Qb6 15.
Na4 Qb5 16. Nc3 Nb8 1/2-1/2

[Event "Team men PL chess 2021"]
[Site "?"]
[Date "2021.05.01"]
[Round "1.22"]
[White "Riazantsev, Alexander"]
[Black "Makhmutov, Rail"]
[Result "1/2-1/2"]
[WhiteElo "2631"]
[BlackElo "2450"]
[PlyCount "221"]
[EventDate "2021.??.??"]

1. Nf3 d5 2. g3 Bg4 3. Bg2 Nd7 4. c4 e6 5. Qb3 Nc5 6. Qe3 c6 7. O-O Nf6 8. h3
Bh5 9. d4 Ncd7 10. cxd5 cxd5 11. Qb3 Qb6 12. Nc3 Be7 13. Ne5 Nxe5 14. dxe5 Qxb3
15. axb3 Nd7 16. f4 Nc5 17. g4 Nxb3 18. Rb1 Bg6 19. f5 exf5 20. gxf5 Bc5+ 21.
Kh1 Bh5 22. Bxd5 Nxc1 23. Rbxc1 O-O 24. Ne4 Be3 25. Rc2 Rae8 26. Ng3 Rxe5 27.
Bxb7 g6 28. Ba6 Kg7 29. Bd3 Rc5 30. Rxc5 Bxc5 31. Bc4 Bd6 32. Nxh5+ gxh5 33.
f6+ Kg6 34. Bd3+ Kh6 35. Bc4 Be5 36. b3 Rg8 37. Bxf7 Rf8 38. Rf5 Rxf7 39. Rxe5
Rxf6 40. Kg2 Rb6 41. Re3 Kg5 42. Rc3 Rb4 43. Kf3 a5 44. Kg3 Kf5 45. Kf3 Kg5 46.
Re3 Kf5 47. Rd3 Ke5 48. Ke3 Kf5 49. Rc3 Kg5 50. Kf3 Kf5 51. Rc5+ Kg6 52. Rxa5
Rxb3+ 53. e3 Rb4 54. Re5 Ra4 55. Re4 Ra1 56. Rf4 Kg5 57. h4+ Kg6 58. Rd4 Rh1
59. Rf4 Ra1 60. Rb4 Rh1 61. Rd4 Rh2 62. Rd6+ Kg7 63. Kg3 Rh1 64. Re6 Rg1+ 65.
Kf3 Rh1 66. Re4 Kf6 67. Rf4+ Ke5 68. Ra4 Kf6 69. Ke2 Rh2+ 70. Kd3 Rh3 71. Rf4+
Ke5 72. Re4+ Kf5 73. Kd4 Rg3 74. Rf4+ Ke6 75. Ke4 Rh3 76. Kd3 Rh2 77. Rb4 Kf5
78. Rc4 Rh1 79. Ke2 Rh3 80. Kf2 Ke5 81. Rf4 Ke6 82. Re4+ Kf5 83. Ra4 Ke5 84.
Ke2 Kf5 85. Kd3 Rh2 86. Rc4 Rh3 87. Rf4+ Ke5 88. Re4+ Kf5 89. Kd4 Rg3 90. Kd5
Rg4 91. Rd4 Kf6 92. Rc4 Rxc4 93. Kxc4 Ke5 94. Kd3 Kd5 95. Ke2 Ke4 96. Kf2 Ke5
97. Kf3 Kf5 98. e4+ Ke5 99. Ke3 h6 100. Kf3 Ke6 101. Kf4 Kf6 102. e5+ Ke6 103.
Ke4 Ke7 104. Kf5 Kf7 105. e6+ Ke7 106. Ke5 Ke8 107. Kf6 Kf8 108. Kg6 Ke7 109.
Kxh5 Kxe6 110. Kxh6 Kf7 111. h5 1/2-1/2

[Event "Team men PL chess 2021"]
[Site "?"]
[Date "2021.05.01"]
[Round "1.23"]
[White "Samusenko, Maksim"]
[Black "Antipov, Mikhail Al"]
[Result "0-1"]
[WhiteElo "2469"]
[BlackElo "2609"]
[PlyCount "96"]
[EventDate "2021.??.??"]

1. e4 c5 2. Nf3 e6 3. g3 Nc6 4. Bg2 Nf6 5. Qe2 e5 6. O-O Be7 7. c3 O-O 8. Rd1
Re8 9. Na3 Bf8 10. d3 h6 11. Nc4 d6 12. h3 Be6 13. Ne3 d5 14. exd5 Nxd5 15. d4
exd4 16. cxd4 Qf6 17. Qf1 Nxe3 18. fxe3 Rad8 19. Qf2 Bd5 20. Bd2 cxd4 21. Nxd4
Qxf2+ 22. Kxf2 Bxg2 23. Kxg2 Nxd4 24. exd4 Rxd4 25. Bc3 Rde4 26. Rd2 Bb4 27.
Bxb4 Rxb4 28. Rf1 Rbe4 29. b3 R8e7 30. Rff2 f6 31. Rc2 Kh7 32. Rcd2 Kg6 33. Rc2
a6 34. Rcd2 Re3 35. Rc2 Rd7 36. Rf3 Re1 37. Rf1 Rxf1 38. Kxf1 Rd3 39. Kf2 b5
40. Kg2 h5 41. h4 Kf5 42. Kh3 Ke4 43. Rc5 f5 44. Rc7 f4 45. Re7+ Kd4 46. Rd7+
Ke3 47. Rxg7 Kf2 48. Rg5 Kg1 0-1

[Event "Team men PL chess 2021"]
[Site "?"]
[Date "2021.05.01"]
[Round "1.24"]
[White "Yuffa, Daniil"]
[Black "Faizrakhmanov, Ramil"]
[Result "0-1"]
[WhiteElo "2587"]
[BlackElo "2487"]
[PlyCount "88"]
[EventDate "2021.??.??"]

1.d4 Nf6 2.c4 e6 3.Nf3 d5 4.Bg5 dxc4 5.e4 c5 6.Nc3 cxd4 7.Nxd4
Be7 8.Bxc4 O-O 9.O-O a6 10.a4 b6 11.e5 Nfd7 12.Bf4 Bc5 13.b4
Bxb4 14.Ne4 Be7 15.Qg4 Bb7 16.Bh6 g6 17.Nxe6 fxe6 18.Bxe6+ Kh8
19.Rad1 Bxe4 20.Qxe4 Ra7 21.Ba2 Qe8 22.Bxf8 Qxf8 23.f4 Nc5 24.Qc2
Nc6 25.f5 Nb4 26.Qc4 Nxa2 27.f6 Nxa4 28.fxe7 Qxe7 29.Kh1 N2c3
30.Rd6 Rc7 31.Qd4 ( 31.Qf4 Kg7 32.e6 Ne4 33.Rdd1 Nac5 34.Qe5+
Kh6 35.Rf7 ) Nb5 32.Rd8+ Kg7 33.Qd5 Qg5 34.Qg8+ Kh6 35.Qf8+ Rg7
{%08DA} 36.e6 Nc5 37.Re8 Nc7 38.Rb8 N5xe6 39.Qf2 b5 40.h4 Qe5
41.Qf3 Nd4 42.Qg4 Nce6 43.Re8 Rc7 44.Rd1 Rc3 0-1

[Event "Team men PL chess 2021"]
[Site "?"]
[Date "2021.05.02"]
[Round "2.1"]
[White "Petrov, Nikita"]
[Black "Artemiev, Vladislav"]
[Result "1/2-1/2"]
[WhiteElo "2550"]
[BlackElo "2709"]
[PlyCount "80"]
[EventDate "2021.??.??"]

1.d4 d5 2.c4 e6 3.Nf3 c5 4.cxd5 exd5 5.Nc3 Nc6 6.dxc5 d4 7.Na4
Bxc5 8.Nxc5 Qa5+ 9.Qd2 Qxc5 10.e3 dxe3 11.Qxe3+ Qxe3+ 12.Bxe3
Nf6 13.Bc4 O-O 14.O-O Re8 15.Rac1 Be6 16.Bxe6 Rxe6 17.Nd4 Nxd4
18.Bxd4 b6 19.Bxf6 Rxf6 20.Rfd1 g6 21.Kf1 Kg7 22.Rd2 Re8 23.Rc7
a5 24.g3 g5 25.h3 Re4 26.Rcd7 Kg6 27.R7d6 Rb4 28.b3 Rxd6 29.Rxd6+
f6 30.g4 h6 31.Kg2 b5 32.Rb6 a4 33.bxa4 Rxa4 34.Rxb5 Rxa2 35.Rb6
Ra3 36.Rc6 Rd3 37.Ra6 Rc3 38.Rb6 Rd3 39.Ra6 Rb3 40.Rc6 Rd3 1/2-1/2